[Event "BCF-ch Senior"]
[Site "Torquay"]
[Date "2013.08.07"]
[Round "5.80"]
[White "Williams, Christopher C"]
[Black "Cresswell, Mike J"]
[Result "1-0"]
[WhiteElo "2148"]
[BlackElo "1795"]
[PlyCount "103"]
[EventDate "2013.08.03"]
[EventType "swiss"]
[EventRounds "7"]
[EventCountry "ENG"]
[SourceTitle "EXT 2023"]
[Source "ChessBase"]
[SourceDate "2022.10.05"]
[SourceVersion "1"]
[SourceVersionDate "2022.10.05"]
[SourceQuality "1"]

1. d4 Nf6 2. Nf3 g6 3. c4 c5 4. g3 Bg7 5. Bg2 0-0 6. 0-0 cxd4 7. Nxd4 Nc6 8. Nc3 Nxd4 9. Qxd4 d6 10. b3 a6 11. Bb2 Nd7 12. Qd2 Nb6 13. Rad1 Qc7 14. Rfe1 Bd7 15. e4 a5 16. Nd5 Nxd5 17. Bxg7 Kxg7 18. exd5 Rfe8 19. Qd4+ Kg8 20. Re3 a4 21. b4 Rac8 22. Bf1 e5 23. dxe6 Rxe6 24. c5 Rxe3 25. fxe3 d5 26. Bg2 Be6 27. Bxd5 Rd8 28. e4 Qe7 29. Qe5 Qf8 30. Rf1 Bxd5 31. exd5 Re8 32. Qf6 Re2 33. Rf2 Qe8 34. d6 Re6 35. Qf3 Qd7 36. Re2 Rxe2 37. Qxe2 Qf5 38. Qd2 Qd7 39. Qd3 Kf8 40. Qd4 Kg8 41. a3 Qf5 42. Qd1 Qd7 43. Qd3 Kf8 44. Qd4 Kg8 45. Qe4 b6 46. Qd3 bxc5 47. bxc5 Kf8 48. Qd4 Kg8 49. Qd5 Qb5 50. d7 Qb1+ 51. Kg2 Qb2+ 52. Kh3 1-0

[Event "BCF-ch Senior"]
[Site "Torquay"]
[Date "2013.08.04"]
[Round "2.79"]
[White "Openshaw, David"]
[Black "Williams, Christopher C"]
[Result "1-0"]
[WhiteElo "1908"]
[BlackElo "2148"]
[PlyCount "107"]
[EventDate "2013.08.03"]
[EventType "swiss"]
[EventRounds "7"]
[EventCountry "ENG"]
[SourceTitle "EXT 2023"]
[Source "ChessBase"]
[SourceDate "2022.10.05"]
[SourceVersion "1"]
[SourceVersionDate "2022.10.05"]
[SourceQuality "1"]

1. e4 e6 2. d4 d5 3. Nd2 Nf6 4. e5 Nfd7 5. Bd3 c5 6. c3 b6 7. Ne2 Ba6 8. Nf3 Bxd3 9. Qxd3 Nc6 10. 0-0 Be7 11. Re1 Qc7 12. Bf4 c4 13. Qc2 h6 14. Bg3 0-0-0 15. b3 cxb3 16. axb3 Kb7 17. Qa2 Ka8 18. Nf4 Ndb8 19. Rec1 Qb7 20. Nd3 Rd7 21. Qe2 Rc8 22. Nd2 Rdc7 23. b4 Bxb4 24. cxb4 Nxb4 25. Qg4 Nc2 26. Rab1 Qa6 27. Rb3 Ne3 28. fxe3 Rxc1+ 29. Nxc1 Rxc1+ 30. Kf2 Qa2 31. Rd3 Rc2 32. Ke2 Nc6 33. Qxg7 Nb4 34. Qf8+ Kb7 35. Qxb4 a5 36. Qb3 Rxd2+ 37. Kf3 Qxb3 38. Rxb3 a4 39. Ra3 b5 40. Be1 Rc2 41. h4 Rc4 42. h5 Rc1 43. Bb4 Kb6 44. g4 Rc4 45. Bf8 Ka5 46. Bxh6 b4 47. Ra1 a3 48. e4 Ka4 49. Bc1 Kb3 50. h6 a2 51. exd5 exd5 52. g5 Rc6 53. h7 Rc8 54. e6 1-0